Gadis berniqab (Record no. 127008)

MARC details
000 -LEADER
fixed length control field 00631nam a2200241 i 4500
001 - CONTROL NUMBER
control field C2-0327459
003 - CONTROL NUMBER IDENTIFIER
control field PPAK
005 - DATE AND TIME OF LATEST TRANSACTION
control field 20180728125100.0
008 - FIXED-LENGTH DATA ELEMENTS--GENERAL INFORMATION
fixed length control field 140616s2012 my |||| ||||| | may d
020 ## - INTERNATIONAL STANDARD BOOK NUMBER
International Standard Book Number 9789670156668
040 ## - CATALOGING SOURCE
Original cataloging agency PPAK
Language of cataloging eng
Transcribing agency PPAK
Description conventions rda
082 04 - DEWEY DECIMAL CLASSIFICATION NUMBER
Classification number 899.233
Edition number 23
090 00 - LOCALLY ASSIGNED LC-TYPE CALL NUMBER (OCLC); LOCAL CALL NUMBER (RLIN)
Classification number (OCLC) (R) ; Classification number, CALL (RLIN) (NR) 899.233
Feature heading MOH
Feature heading G
100 0# - MAIN ENTRY--PERSONAL NAME
Personal name Mohd Masri,
Relator term author
245 10 - TITLE STATEMENT
Title Gadis berniqab
264 #1 - PRODUCTION, PUBLICATION, DISTRIBUTION, MANUFACTURE, AND COPYRIGHT NOTICE
Place of production, publication, distribution, manufacture Johor Bahru, Johor :
Name of producer, publisher, distributor, manufacturer Pustaka Azhar ,
Date of production, publication, distribution, manufacture, or copyright notice 2012
300 ## - PHYSICAL DESCRIPTION
Extent 216 pages ;
Dimensions 19 cm
336 ## - CONTENT TYPE
Source rdacontent
Content type term text
337 ## - MEDIA TYPE
Source rdamedia
Media type term unmediated
338 ## - CARRIER TYPE
Source rdacarrier
Carrier type term volume
650 10 - SUBJECT ADDED ENTRY--TOPICAL TERM
Topical term or geographic name entry element Malay fiction.
942 ## - ADDED ENTRY ELEMENTS (KOHA)
-- dc
Koha item type Book
Holdings
Withdrawn Not for loan Current library Shelving location Date acquired Total Checkouts Full call number Barcode Date last seen Date last checked out Koha item type Total Renewals
    Perpustakaan Alor Setar Pinjaman Dewasa 26/06/2014 1 899.233 MOH A01448409 18/02/2020 01/02/2020 Book  
    Perpustakaan Alor Setar Pinjaman Dewasa 26/06/2014   899.233 MOH A01448410 09/05/2018   Book  
    Perpustakaan Awam Sungai Petani Pinjaman Dewasa 26/06/2014 1 899.233 MOH A01448411 14/05/2023 08/04/2023 Book 1
    Perpustakaan Baling Pinjaman Dewasa 26/06/2014   899.233 MOH A01448414 09/05/2018   Book  
    Perpustakaan Kulim Pinjaman Dewasa 26/06/2014   899.233 MOH A01448413 09/05/2018   Book  
    Perpustakaan Langkawi Pinjaman Dewasa 26/06/2014   899.233 MOH A01448416 09/05/2018   Book  
    Perpustakaan Merbok Pinjaman Dewasa 26/06/2014   899.233 MOH A01448415 09/05/2018   Book